Lines and Shadows

محفوظ في:
التفاصيل البيبلوغرافية
المؤلف الرئيسي: Wambaugh, Joseph
التنسيق: كتاب
اللغة:Undetermined
منشور في: New York, Estados Unidos Bantam Books 1984
الموضوعات:
الوسوم: إضافة وسم
لا توجد وسوم, كن أول من يضع وسما على هذه التسجيلة!

MARC

LEADER 00000nam a2200000Ia 4500
008 170316s9999 xx 000 0 und d
999 |c 28848  |d 28848 
040 |a cru BVZT 
090 |a F-810 W-1L 
100 |a Wambaugh, Joseph 
245 |a Lines and Shadows 
260 |a New York, Estados Unidos 
260 |b Bantam Books  
260 |c 1984 
300 |a 383 páginas 
650 |a LITERATURA ESTADOUNIDENSE  |9 25 
650 |a FICCIÓN  |9 26 
942 |c 15 D  |h F-810 W-1L  |2 z